| 000 | 00926 a2200181 4500 | ||
|---|---|---|---|
| 003 | Nust | ||
| 005 | 20221020100032.0 | ||
| 020 | _a0471066958 | ||
| 040 | _cNust | ||
| 082 | _a620.0042,VID | ||
| 100 |
_aVidosic,Joseph P _9100917 |
||
| 245 |
_aElements of Design Engineering / _cJoseph P Vidosic |
||
| 260 |
_aNew York _bJohn Wiley _c1969 |
||
| 300 | _a330:p | ||
| 505 | _aDesign Engineering (Page-3), The Design Process (Page-15), Analysis and Synthesis (Page-30), Decision in Design (Page-49), Creativity (Page-72), Aspects of System Engineering (Page-92), Human factors Engineering (Page-112), Experimentation (Page-134), Reliability Engineering (Page-157), Materials and Processes (Page-179), Design Economics (Page-202), Optimum Design (Page-221), Computers (Page-241), Intellectual Property Protection (Page-271), Engineering Ethics (Page-287). | ||
| 650 |
_aElements of Design Engineering _9100918 |
||
| 942 |
_2ddc _cBK |
||
| 999 |
_c182711 _d182711 |
||